Obras espirituales. (Registro nro. 63111)
[ vista simple ]
| 000 -LEADER | |
|---|---|
| fixed length control field | 00781nam a2200265 a 4500 |
| 001 - CONTROL NUMBER | |
| control field | 63111 |
| 005 - DATE AND TIME OF LATEST TRANSACTION | |
| control field | 20180714065416.0 |
| 008 - FIXED-LENGTH DATA ELEMENTS--GENERAL INFORMATION | |
| fixed length control field | 150630s2004 sp r 000 0 spa d |
| 020 ## - INTERNATIONAL STANDARD BOOK NUMBER | |
| International Standard Book Number | 978-84-9715-289-1 |
| 082 0# - DEWEY DECIMAL CLASSIFICATION NUMBER | |
| Classification number | 248 |
| Item number | EVA |
| 100 1# - MAIN ENTRY--PERSONAL NAME | |
| Personal name | Evagrio |
| Titles and words associated with a name | de Ponto |
| Dates associated with a name | 345? - 399. |
| 245 10 - TITLE STATEMENT | |
| Title | Obras espirituales. |
| 264 #1 - PRODUCTION, PUBLICATION, DISTRIBUTION, MANUFACTURE, AND COPYRIGHT NOTICE | |
| Place of production, publication, distribution, manufacture | España : |
| Name of producer, publisher, distributor, manufacturer | Editorial ; |
| Date of production, publication, distribution, manufacture, or copyright notice | 1995 |
| 300 ## - PHYSICAL DESCRIPTION | |
| Extent | 295 páginas ; |
| Dimensions | cm. |
| 336 ## - CONTENT TYPE | |
| Content type term | texto |
| Source | rdacontent |
| 337 ## - MEDIA TYPE | |
| Media type term | sin mediación |
| Source | rdamedia |
| 338 ## - CARRIER TYPE | |
| Carrier type term | sin mediación |
| Source | rdamedia |
| 490 0# - SERIES STATEMENT | |
| Series statement | Biblioteca de patrística |
| Volume/sequential designation | 28 |
| 650 #4 - SUBJECT ADDED ENTRY--TOPICAL TERM | |
| Topical term or geographic name entry element | Oración |
| 650 #4 - SUBJECT ADDED ENTRY--TOPICAL TERM | |
| Topical term or geographic name entry element | Ascetismo |
| 650 #4 - SUBJECT ADDED ENTRY--TOPICAL TERM | |
| Topical term or geographic name entry element | Filosofía cristiana |
| 650 #4 - SUBJECT ADDED ENTRY--TOPICAL TERM | |
| Topical term or geographic name entry element | Filosofía patrísica |
| 700 1# - ADDED ENTRY--PERSONAL NAME | |
| Personal name | González Villanueva, José I. |
| 700 1# - ADDED ENTRY--PERSONAL NAME | |
| Personal name | Rubio Sadia, Juan Pablo |
| Dates associated with a name | 1972- |
| Withdrawn status | Lost status | Source of classification or shelving scheme | Damaged status | Not for loan | Collection code | Home library | Current library | Shelving location | Date acquired | Source of acquisition | Inventory number | Total Checkouts | Full call number | Barcode | Date last seen | Price effective from | Koha item type |
|---|---|---|---|---|---|---|---|---|---|---|---|---|---|---|---|---|---|
| Dewey Decimal Classification | General | Biblioteca Karol Wojtyla | Biblioteca Karol Wojtyla | Sala general | 30/06/2015 | Compra | 151000000000000000056449 | 248 EVA 1995 | 94220 | 05/01/2026 | 29/10/2015 | Libro |